000 00327nam a22001337a 4500
008 181009b xxu||||| |||| 00| 0 eng d
020 _a0471097160
041 _aeng
080 _23rd
_a311
100 _a55
101 _aSTA
245 _aIntroductory Statistics for Business and Economics
_cWonnacott,Th.H
942 _2udc
_cBK
999 _c49161
_d49161